000 00320nam a22001457a 4500
008 210322b ||||| |||| 00| 0 eng d
020 _a9780130975850
041 _aeng
080 _28th
_a82
082 _a82
100 _a21
101 _aGJL
245 _aWriting about Literature
_cRoberts, E. V
942 _2udc
_cBK
999 _c56638
_d56638